banner-ar

دراسات فى التنمية الاجتماعية مدخل اسلامى / (Record no. 42320)

MARC details
000 -الفاتح
حقل البيانات ثابتة الطول 00673nam a2200205Ia 4500
008 - عناصر البيانات ثابتة الطول - معلومات عامة
حقل البيانات ثابتة الطول 140319s9999 xx 000 0 ara d
040 ## - مصدر الفهرسة
وكالة الفهرسة الأصلية GCL /
وكالة النسخ GCL
082 04 - رقم تصنيف ديوى العشرى
رقم التصنيف 301.24
رقم المادة ع د
100 1# - المدخل الرئيسى - إسم شخصى
الإسم الشخصى احمد رافت عبدالجواد
245 10 - بيان العنوان
العنوان دراسات فى التنمية الاجتماعية مدخل اسلامى /
بيان المسئوليه,etc احمد رافت عبدالجواد
700 1# - المدخل الاضافى - اسم شخصى
الإسم الشخصى عبدالهادى الجوهرى
700 1# - المدخل الاضافى - اسم شخصى
الإسم الشخصى عبدالمنعم بدر
300 ## - الوصف المادى
التعداد 390 ص
490 ## - بيان السلسلة
عنوان السلسلة كتاب
رقم المجلد/ التعيين التسلسلي 0
650 04 - المدخل الاضافى بالموضوع-مصطلح موضوعى
مصطلح موضوعي التغير الاجتماعى
650 04 - المدخل الاضافى بالموضوع-مصطلح موضوعى
مصطلح موضوعي البناء الاجتماعى
650 04 - المدخل الاضافى بالموضوع-مصطلح موضوعى
مصطلح موضوعي الاجتماع، علم
942 ## - عناصر المدخل الإضافي( كوها)
مصدر التصنيف او مخطط الترفيف Dewey Decimal Classification
Koha [default] item type كتاب
Holdings
حالة التراجع حالة الفقد حالة تلف ليس للاعارة المكان المؤقت الموقع الحالى تاريخ الاكتساب اجمالي اﻻعارات رقم الطلب الباركود تاريخ اخر مشاهدة تاريخ تفعيل السعر نوع وعاء كوها
        مكتبة القاهرة الكبرى مكتبة القاهرة الكبرى 03/26/2014   301.24\ع د 102237 03/26/2014 03/26/2014 كتاب
        مكتبة القاهرة الكبرى مكتبة القاهرة الكبرى 03/26/2014   301.24\ع د 102238 03/26/2014 03/26/2014 كتاب
        مكتبة القاهرة الكبرى مكتبة القاهرة الكبرى 03/26/2014   301.24\ع د 102239 03/26/2014 03/26/2014 كتاب

Powered By

EGPV